| 000 | 00984nam a2200229Ii 4500 | ||
|---|---|---|---|
| 003 | JO-AjNU | ||
| 008 | 230605s9999||||xx |||||||||||||| ||und|| | ||
| 017 | _a1427/4427 | ||
| 020 | _a9960-70-1-19-0 | ||
| 040 |
_aJO-AjNU _bara _erda _cJO-AjNU |
||
| 041 | _aara | ||
| 050 | 1 | 4 | _aPJ6166 2006 |
| 100 | 3 |
_aتاليف الباتلي،احمد بن عبد الله, _eauthor _943525 |
|
| 245 | 0 | 0 | _aالأحاديث والآثار الواردة في فضل اللغة العربية وذم اللحن رواية ودراية |
| 250 | _aط1 | ||
| 264 | 3 | 1 | _aالرياض: دار كنوز إشبيليا للنشر والتوزيع، 2006 |
| 300 | _a276ص | ||
| 336 |
_atext _btxt _2rdacontent |
||
| 337 |
_aunmediated _bn _2rdamedia |
||
| 338 |
_avolume _bnc _2rdacarrier |
||
| 650 | 4 |
_aاللغة العربية-اخطاء-اللغة العربية-الأحاديث والآثار الواردة في فضل اللغة العربية وذم اللحن رواية ودراية _943526 |
|
| 999 |
_aA18718 _c22286 _d22286 |
||